| 000 | 01801nam a2200529 i 4500 | ||
|---|---|---|---|
| 001 | 24975 | ||
| 003 | KOSZ 005 | ||
| 005 | 20190902122853.0 | ||
| 008 | 980702s1995 pl a f f |000 0 pol | ||
| 015 | _aPB 1996/4482 | ||
| 035 | _a991003995069705066 | ||
| 035 | _a(PL-WaBN)b11062824-48omnis_nlop | ||
| 035 | _ab11062824 | ||
| 035 | _a(OCoLC)835200290 | ||
| 035 | _a(PL)b0000001106282 | ||
| 035 | _a(EXLNZ-48OMNIS_NETWORK)9910034368305606 | ||
| 040 |
_aWA N _cWA N _dKOSZ 005/HR |
||
| 046 | _k1995 | ||
| 080 | _a628.3/.4 | ||
| 080 | _a541.13 | ||
| 080 | _a(075.8) | ||
| 100 | 1 |
_aDylewski, Rafał _eAutor |
|
| 245 | 1 | 0 |
_aMetody elektrochemiczne w inżynierii środowiska / _cRafał Dylewski. |
| 260 |
_aGliwice : _bWydaw. PŚ, _c1995. |
||
| 300 |
_a224 s. : _brys., wykr. ; _c24 cm. |
||
| 336 |
_2rdacontent _aTekst _btxt |
||
| 337 |
_2rdamedia _aBez urządzenia pośredniczącego _bn |
||
| 338 |
_2rdacarrier _aWolumin _bnc |
||
| 380 | _aKsiążki | ||
| 380 | _aPublikacje dydaktyczne | ||
| 385 |
_mPoziom nauczania _aSzkoły wyższe |
||
| 388 | _a1901-2000 | ||
| 388 | _a1989-2000 | ||
| 490 | 1 |
_aSkrypty Uczelniane / Politechnika Śląska, _x0434-0825 ; _vnr 1948 |
|
| 504 | _aBibliogr. s. 218-224. | ||
| 521 | _aDla studentów Wydz. Chemicznego, kierunku Inżynieria chemiczna. | ||
| 650 | 7 |
_aElektrochemia _2DBN |
|
| 650 | 7 |
_aElektroliza _2DBN |
|
| 650 | 7 |
_aOczyszczanie ścieków _2DBN |
|
| 650 | 7 |
_aOdpady _2DBN |
|
| 655 | 7 |
_aPodręczniki akademickie _2DBN |
|
| 658 | _aInżynieria i technika | ||
| 830 | 0 |
_aSkrypty Uczelniane - Politechnika Śląska _vnr 1948 |
|
| 856 |
_uhttp://koha.tu.koszalin.pl/cgi-bin/koha/opac-detail.pl?biblionumber=24975 _yKatalog online BPK |
||
| 942 |
_2UKD _cKS |
||
| 999 |
_c24975 _d24975 |
||